000 00608nam a22001937a 4500
005 20251108172815.0
008 250721s2003 xx 000 0 ara d
082 1 4 _aق/فير
100 1 _aفيرن، جول
245 1 0 _aحول العالم في ثمانين يوما عربي - إنجليزي /
246 1 3 _aaround the world in eighty days
264 1 _aعمان :
_bدار الأسرة للنشر والتوزيع،
_c2003.
300 _a79 ص.
650 1 7 _aالقصص
650 1 7 _aالأدب المترجم
700 1 _aالمطلبي، عمار
_eed.
942 _2ddc
_cBK
999 _c88972
_d88972